000
00282nam a22001337a 4500
008
180927b xxu||||| |||| 00| 0 eng d
020
_a
9780812043891
041
_a
eng
080
_a
510
100
_a
37
101
_a
MAT
245
_a
Trigonometry
_c
Downing, D
942
_2
udc
_c
BK
999
_c
48609
_d
48609